Géographie suisse par la lettre G - Statistiques

Statistiques générales
  • Ce quiz a été pris 109 fois
  • Le résultat moyen est 11 sur 20
Statistiques - réponses
Hint Réponse % Correct
Ville romande la plus pleupée, siège de L'ONU Genève
100%
Héros légendaire des mythes fondateurs de la Suisse Guillaume Tell
85%
Fromage fribourgeois sans trou Gruyère
83%
Son nom en allemand Genf
82%
Canton (GL) Glaris
77%
Canton parlant 3 des 4 langues officielles de la Suisse Grisons
75%
Grande ville, très connue pour sa broderie Saint___ Gall
73%
Massif, col et tunnel des Alpes, source du Rhône, du Rhin et de l'Aar Gothard
73%
Station de ski de luxe situé sur la commune de Saanen (BE) Gstaad
63%
Col situé entre le valais et l'Italie, connu pour avoir donné son nom à une espèce de chien Grand-saint Bernard
61%
Ville vaudoise, homonyme d'un fruit et d'une partie du corps humain Gland
60%
Plus grand barrage de Suisse (VS) Grande-Dixence
48%
Son nom dans ces 3 langues: (allemand) Graubünden
39%
Fanfares qui font de la musique avec des déguisements pour carnaval ____musik Guggen
39%
sculpteur, peintre et dessinateur surréaliste. Alberto_______ Giacometti
27%
Col Suisse entre le canton de Berne et du Valais Grimsel
24%
Commune suisse point de départ de ce tunnel (UR) Göschenen
14%
(romanche) Grischun
11%
(italien) Grigioni
10%
Lanceur de poids, ancien recordman du monde Werner_____ Günthör
10%
Aucun quiz correspondant
Distribution des résultats
% des personnes avec chaque résultat
Percentile par nombre de réponses
Votre historique - résultats
Vous n’avez pas pris ce quiz